Országjáró tanulmányi kirándulások a földrajztanár szervezésében

Elmentve itt :
Bibliográfiai részletek
Szerző: Balázsfi István
Dokumentumtípus: Cikk
Megjelent: 1981
Sorozat:Módszertani közlemények 21 No. 3
Kulcsszavak:Neveléstudomány
Online Access:http://acta.bibl.u-szeged.hu/26932
LEADER 00650nab a2200181 i 4500
001 acta26932
005 20210223155259.0
008 161017s1981 hu o 0|| hun d
022 |a 0544-7224 
040 |a SZTE Egyetemi Kiadványok Repozitórium  |b hun 
041 |a hun 
100 1 |a Balázsfi István 
245 1 0 |a Országjáró tanulmányi kirándulások a földrajztanár szervezésében  |h [elektronikus dokumentum] /  |c  Balázsfi István 
260 |c 1981 
300 |a 200-204 
490 0 |a Módszertani közlemények  |v 21 No. 3 
695 |a Neveléstudomány 
856 4 0 |u http://acta.bibl.u-szeged.hu/26932/1/modszertani_021_003_200-204.pdf  |z Dokumentum-elérés